Estadísticas para Países con las Democracias Ininterrumpidas mas largas

Haz click aquí para tomar la prueba!

Estadísticas generales

  • Esta prueba ha sido tomada 904 veces
    (894 desde el último reinicio)
  • La puntuación promedio es 19 de 26

Estadísticas de respuestas

Año País % Correcto
1781Estados Unidos
97%
1945Francia
93%
1688Reino Unido / Inglaterra
93%
1867Canadá
90%
1809Suecia
89%
1945Noruega
88%
1945Italia
84%
1848Suiza
84%
1917Finlandia
83%
1934México
83%
1901Australia
83%
1945Países Bajos
82%
1945Dinamarca
82%
1945Bélgica
81%
1907Nueva Zelanda
76%
1945Luxemburgo
73%
1922Irlanda
72%
1946Islandia
69%
1945San Marino
63%
1866Andorra
62%
1945Mónaco
61%
1862Liechtenstein
60%
1910Sudáfrica
47%
1948Israel
37%
1948Costa Rica
29%
1947Sri Lanka
7%

Distribución de puntuación

Porcentaje por número respondido

Porcentaje de gente con cada puntuación

Historial de tus puntuaciones

No has tomado esta prueba desde el último reinicio